书目信息 |
| 题名: |
人民检察院民事行政抗诉案例选
|
|
| 作者: | 王鸿翼 主编 ;最高人民检察院 编 | |
| 分册: | 第九集 | |
| 出版信息: | 北京 法律出版社 2006.02 |
|
| 页数: | 359页 | |
| 开本: | 21cm | |
| 丛书名: | ||
| 单 册: | ||
| 中图分类: | D925.105 | |
| 科图分类: | ||
| 主题词: | 民事诉讼--min shi su song--抗诉--案例--中国--汇编 | |
| 电子资源: | ||
| ISBN: | 7-5036-6205-0 | |
| 000 | 01011nam0 2200241 450 | |
| 001 | 012007203516 | |
| 005 | 20071008155507.36 | |
| 010 | @a7-5036-6205-0@dCNY23.00 | |
| 100 | @a20070726d2006 km y0chiy0120 ea | |
| 101 | 0 | @achi |
| 102 | @aCN@b110000 | |
| 105 | @ay z 000yy | |
| 200 | 1 | @a人民检察院民事行政抗诉案例选@Aren min jian cha yuan min shi xing zheng kang su an li xuan@h第九集@f最高人民检察院民事行政检察厅编@Fzui gao ren min jian cha yuan min shi xing zheng jian cha ting bian |
| 210 | @a北京@c法律出版社@d2006.02 | |
| 215 | @a359页@d21cm | |
| 314 | @a责任者取自书中。 | |
| 330 | @a本书收录了民事、行政、再审检察建议等方面的典型案例近50个,每一案例按其“基本案情”、“原审裁判”、“抗诉及其理由”、“再审结果”、“点评”编排。 | |
| 606 | 0 | @a民事诉讼@Amin shi su song@x抗诉@x案例@y中国@j汇编 |
| 690 | @aD925.105@v4 | |
| 701 | 0 | @a王鸿翼@Awang hong yi@4主编 |
| 711 | 02 | @a最高人民检察院@Azui gao ren min jian cha yuan@b民事行政检察厅@4编 |
| 801 | 0 | @aCN@c20071008 |
| 905 | @dD925.105@eW208:9 | |
| 人民检察院民事行政抗诉案例选.第九集/最高人民检察院民事行政检察厅编.-北京:法律出版社,2006.02 |
| 359页;21cm |
| ISBN 7-5036-6205-0:CNY23.00 |
| 本书收录了民事、行政、再审检察建议等方面的典型案例近50个,每一案例按其“基本案情”、“原审裁判”、“抗诉及其理由”、“再审结果”、“点评”编排。 |
| ● |
| 相关链接 |
|
|
|
正题名:人民检察院民事行政抗诉案例选
索取号:D925.105/W208:9
 
预约/预借
| 序号 | 登录号 | 条形码 | 馆藏地/架位号 | 状态 | 备注 |
| 1 | 250015 | 202500150 | 社科库509/509社科库 101排1列1层/ [索取号:D925.105/W208:9] | 在馆 | |
| 2 | 250016 | 202500169 | 社科库509/509社科库 101排1列1层/ [索取号:D925.105/W208:9] | 在馆 | |
| 3 | 250017 | 202500178 | 社科库509/509社科库 101排1列1层/ [索取号:D925.105/W208:9] | 在馆 |